Loading...
Science - Physics | 0 | 5 | 0 | 2 | 50 | 70 | 103.20 | 1 | 5 |
Fine Arts - Visual Fine Arts | 2 | 2 | 2 | 0 | 40 | 57 | 77.00 | 2 | 4 |
Fine Arts - Other Fine Arts | 1 | 2 | 0 | 0 | 35 | 60 | 90.67 | 2 | 3 |
History - Other History | 0 | 3 | 0 | 1 | 30 | 92 | 112.00 | 0 | 1 |
Religion | 0 | 3 | 0 | 1 | 30 | 96 | 112.00 | 0 | 1 |
Science - Chemistry | 0 | 3 | 1 | 0 | 25 | 84 | 98.33 | 0 | 1 |
Social Science | 1 | 1 | 0 | 0 | 25 | 31 | 81.00 | 0 | 1 |
Literature - American Literature | 0 | 2 | 0 | 1 | 20 | 115 | 122.00 | 0 | 0 |
History - World History | 0 | 2 | 0 | 0 | 20 | 77 | 88.50 | 0 | 1 |
Fine Arts - Auditory Fine Arts | 0 | 2 | 0 | 0 | 20 | 80 | 90.00 | 0 | 2 |
Literature - European Literature | 1 | 0 | 0 | 0 | 15 | 66 | 66.00 | 0 | 1 |
Literature - World Literature | 0 | 2 | 1 | 0 | 15 | 85 | 110.50 | 0 | 1 |
Science - Biology | 0 | 2 | 1 | 1 | 15 | 101 | 103.00 | 0 | 2 |
Science - Other Science | 0 | 2 | 1 | 0 | 15 | 118 | 122.50 | 0 | 1 |
Current Events | 0 | 1 | 0 | 0 | 10 | 94 | 94.00 | 0 | 1 |
History - American History | 0 | 1 | 0 | 0 | 10 | 90 | 90.00 | 0 | 0 |
Literature - British Literature | 0 | 1 | 0 | 0 | 10 | 98 | 98.00 | 0 | 0 |
Philosophy | 0 | 1 | 1 | 0 | 5 | 132 | 132.00 | 0 | 0 |